| 000 | 00551nam a2200205Ia 4500 | ||
|---|---|---|---|
| 005 | 20250508150415.0 | ||
| 008 | 008 250505s9999 xx 000 0 eng d | ||
| 037 | _aTextual | ||
| 040 |
_aFEDL _beng _cFEDL |
||
| 041 |
_aeng _2eng |
||
| 084 |
_a152.144, FRO _qFEDL |
||
| 100 |
_aFroeschels Emil _9756558 |
||
| 245 | 0 | _aPhilosophy in wit | |
| 260 |
_aNew York, USA _bPhilosophical Library _c1948 |
||
| 300 | _axiii,61p. | ||
| 365 |
_aINR _b11 |
||
| 650 | _aPerception | ||
| 942 |
_cTEXL _h152.144, FRO |
||
| 999 |
_c1323482 _d1323482 |
||